[Event "Mittelfranken-chTB2b 1920"]
[Site "Mittelfranken"]
[Date "2019.12.01"]
[Round "3.4"]
[White "Krauss, Hermann"]
[Black "Wissmeier, Bernd"]
[Result "1-0"]
[WhiteElo "1949"]
[BlackElo "1820"]
[PlyCount "69"]
[EventDate "2019.10.13"]
[EventType "team-tourn"]
[EventRounds "9"]
[EventCountry "GER"]
[SourceTitle "EXT 2023"]
[Source "ChessBase"]
[SourceDate "2022.10.05"]
[SourceVersion "1"]
[SourceVersionDate "2022.10.05"]
[SourceQuality "1"]
[WhiteTeam "Nuernberg NT IV"]
[BlackTeam "Nuernberg SK 1911 II"]
[WhiteTeamCountry "GER"]
[BlackTeamCountry "GER"]

1. c4 Nf6 2. Nf3 Nc6 3. d4 e6 4. a3 d5 5. e3 Ne4 6. Nc3 Nxc3 7. bxc3 Bd6 8. h3 0-0 9. cxd5 exd5 10. Bd3 f5 11. Qb3 Ne7 12. Bd2 c6 13. c4 Qb6 14. Qa2 Qd8 15. Qb3 Qb6 16. Qa2 Qd8 17. Rb1 b6 18. cxd5 cxd5 19. 0-0 g6 20. Ne5 Kg7 21. Rbc1 Be6 22. f4 Rc8 23. Ba6 Rxc1 24. Rxc1 Ng8 25. Bb4 Bxb4 26. axb4 Nf6 27. Bb5 Qe7 28. Nc6 Qf7 29. Qxa7 Ne4 30. Qxb6 Qf6 31. Ne5 Kh6 32. Nf3 Qe7 33. Rc7 Qxb4 34. Qxe6 Qxb5 35. Qe7 1-0

[Event "Mittelfranken-chTB2b 1819"]
[Site "Mittelfranken"]
[Date "2019.04.28"]
[Round "9.6"]
[White "Krauss, Hermann"]
[Black "Traut, Gerhard"]
[Result "1-0"]
[WhiteElo "1933"]
[BlackElo "1728"]
[PlyCount "117"]
[EventDate "2018.10.14"]
[EventType "team-tourn"]
[EventRounds "9"]
[EventCountry "GER"]
[SourceTitle "EXT 2022"]
[Source "ChessBase"]
[SourceDate "2021.10.06"]
[SourceVersion "1"]
[SourceVersionDate "2021.10.06"]
[SourceQuality "1"]
[WhiteTeam "Nuernberg Noris Tarrasch IV"]
[BlackTeam "Uttenreuth"]
[WhiteTeamCountry "GER"]
[BlackTeamCountry "GER"]

1. c4 c5 2. Nf3 Nc6 3. d4 cxd4 4. Nxd4 g6 5. e4 Bg7 6. Be3 Nf6 7. Nc3 0-0 8. Be2 d6 9. 0-0 a6 10. f3 e6 11. Nc2 Qc7 12. Qd2 Ne5 13. b3 Rd8 14. Rac1 Bd7 15. Rfd1 Be8 16. Bf1 b6 17. Ne1 Rab8 18. Nd3 Nxd3 19. Qxd3 Rbc8 20. Qd2 Bf8 21. Kh1 Be7 22. Bf4 Nh5 23. Be3 Nf6 24. Qb2 Nd7 25. Bd4 Bf8 26. Qf2 Rb8 27. Be3 Be7 28. Na4 Nc5 29. Nc3 Bf6 30. Bf4 Be7 31. Qg3 Nb7 32. Rd2 Bf6 33. Bg5 Bxg5 34. Qxg5 Kg7 35. Rcd1 h6 36. Qe3 Qc5 37. Qd3 Bc6 38. Qc2 Rbc8 39. Qb2 Kg8 40. Bd3 b5 41. b4 Qb6 42. cxb5 axb5 43. f4 Bd7 44. Ne2 Qe3 45. Qd4 Qxd4 46. Nxd4 Ra8 47. Bxb5 Bxb5 48. Nxb5 Ra6 49. Kg1 Kf8 50. Rc1 Rd7 51. Kf2 Ke7 52. Ke3 Ra4 53. a3 Ra6 54. Rd3 Nd8 55. Rdc3 f6 56. Rc7 Nb7 57. Rxd7+ Kxd7 58. Rc7+ Kd8 59. Rxb7 1-0

[Event "Mittelfranken-chTB2b 1516"]
[Site "Mittelfranken"]
[Date "2015.12.06"]
[Round "4.2"]
[White "Reinholz, Benjamin"]
[Black "Krauss, Hermann"]
[Result "1-0"]
[WhiteElo "2002"]
[BlackElo "1970"]
[PlyCount "54"]
[EventDate "2015.10.18"]
[EventType "team-tourn"]
[EventRounds "9"]
[EventCountry "GER"]
[SourceTitle "EXT 2020"]
[Source "ChessBase"]
[SourceDate "2019.10.17"]
[SourceVersion "1"]
[SourceVersionDate "2019.10.17"]
[SourceQuality "1"]
[WhiteTeam "Erlangen SC III"]
[BlackTeam "Nuernberg NT IV"]
[WhiteTeamCountry "GER"]
[BlackTeamCountry "GER"]

1. e4 e6 2. d4 d5 3. exd5 exd5 4. c4 Nf6 5. Nc3 Be7 6. Bf4 0-0 7. Bd3 Re8 8. Nge2 c6 9. 0-0 Bd6 10. Rc1 Bg4 11. Qd2 dxc4 12. Bxc4 Be6 13. Bd3 Nd5 14. Bxd6 Qxd6 15. Ne4 Qb4 16. N2c3 f5 17. Ng5 Qxd4 18. Nxe6 Rxe6 19. Nxd5 Qxd5 20. Qc2 b5 21. Bxf5 Re8 22. Bxh7+ Kh8 23. Bg6 Rc8 24. Qc3 Qe6 25. Qg3 Nd7 26. Rfe1 Qf6 27. Qh3+ Kg8 1-0

[Event "Mittelfranken-chTB2a 1314"]
[Site "Mittelfranken"]
[Date "2014.02.16"]
[Round "6.2"]
[White "Hofer, Stefan1"]
[Black "Krauss, Hermann"]
[Result "1-0"]
[WhiteElo "1870"]
[BlackElo "1970"]
[PlyCount "33"]
[EventDate "2013.10.20"]
[EventType "team-tourn"]
[EventRounds "9"]
[EventCountry "GER"]
[SourceTitle "EXT 2020"]
[Source "ChessBase"]
[SourceDate "2019.10.17"]
[SourceVersion "1"]
[SourceVersionDate "2019.10.17"]
[SourceQuality "1"]
[WhiteTeam "Cadolzburg"]
[BlackTeam "Nuernberg NT V"]
[WhiteTeamCountry "GER"]
[BlackTeamCountry "GER"]

1. e4 c5 2. d4 cxd4 3. c3 d5 4. exd5 Qxd5 5. Nf3 Nc6 6. cxd4 Nf6 7. Nc3 Qd6 8. Nb5 Qd8 9. d5 Nb8 10. Bf4 Na6 11. Bc4 e6 12. d6 Nd7 13. 0-0 Nb6 14. Rc1 Nxc4 15. Rxc4 f6 16. Re1 Qb6 17. Rxc8+ 1-0

[Event "Mittelfranken-chTB1 1213"]
[Site "Germany"]
[Date "2013.01.27"]
[Round "1.6"]
[White "Krauss, Hermann"]
[Black "Vogt, Peter"]
[Result "1-0"]
[WhiteElo "1987"]
[BlackElo "1885"]
[PlyCount "77"]
[EventDate "2012.10.07"]
[EventType "team-tourn"]
[EventRounds "9"]
[EventCountry "GER"]
[SourceTitle "EXT 2019"]
[Source "ChessBase"]
[SourceDate "2018.10.10"]
[SourceVersion "1"]
[SourceVersionDate "2018.10.10"]
[SourceQuality "1"]
[WhiteTeam "Nuernberg NT III"]
[BlackTeam "Schwanstetten"]
[WhiteTeamCountry "GER"]
[BlackTeamCountry "GER"]

1. c4 c5 2. Nf3 Nf6 3. d4 cxd4 4. Nxd4 a6 5. Nc3 d6 6. e4 e6 7. Be2 Be7 8. Be3 Qc7 9. f3 b6 10. 0-0 0-0 11. Qd2 Bb7 12. Rac1 Nbd7 13. Rfd1 Rac8 14. Bf1 Ne5 15. b3 Rfe8 16. Nde2 Bf8 17. Nf4 Qb8 18. Na4 b5 19. cxb5 Rxc1 20. Rxc1 axb5 21. Bxb5 Rc8 22. Rxc8 Qxc8 23. Qc3 Qa8 24. h3 h6 25. Kh1 Nh7 26. Ne2 Ng5 27. Nd4 Be7 28. Qc7 Bf6 29. Nc3 d5 30. f4 Nxe4 31. Nxe4 dxe4 32. fxe5 Bh4 33. a4 Bd5 34. Bc6 Qa6 35. Bb5 Qa8 36. Kh2 Qf8 37. Qd6 Qa8 38. Bc6 Qa5 39. b4 1-0

[Event "Mittelfranken-chTB2b 0910"]
[Site "Mittelfranken"]
[Date "2010.02.21"]
[Round "7.3"]
[White "Krauss, Hermann"]
[Black "Schoenberger, Andreas"]
[Result "1-0"]
[WhiteElo "1975"]
[BlackElo "1877"]
[PlyCount "77"]
[EventDate "2009.10.11"]
[EventType "team-tourn"]
[EventRounds "9"]
[EventCountry "GER"]
[SourceTitle "EXT 2011"]
[Source "ChessBase"]
[SourceDate "2010.11.26"]
[SourceVersion "1"]
[SourceVersionDate "2010.11.26"]
[SourceQuality "1"]
[WhiteTeam "Nuernberg NT IV"]
[BlackTeam "Buechenbach/Roth II"]
[WhiteTeamCountry "GER"]
[BlackTeamCountry "GER"]

1. c4 Nf6 2. Nf3 g6 3. b3 Bg7 4. Bb2 c5 5. g3 Nc6 6. Bg2 0-0 7. 0-0 Rb8 8. d4 cxd4 9. Nxd4 Qb6 10. e3 Rd8 11. Nc3 Nxd4 12. exd4 d6 13. Re1 Re8 14. Qd2 Bf5 15. h3 h5 16. Rad1 Kh7 17. Kh2 Rbd8 18. Qe2 e6 19. Bf3 e5 20. Na4 Qc7 21. dxe5 dxe5 22. Rxd8 Qxd8 23. Bxb7 Qd7 24. Bg2 e4 25. Rd1 Qc7 26. Kg1 e3 27. f4 Qc8 28. Kh2 Nd7 29. Bxg7 Kxg7 30. Nc3 Nc5 31. b4 Nd3 32. Rxd3 Bxd3 33. Qxd3 Qe6 34. Qd4+ Kh7 35. Bf3 Rc8 36. c5 Rc7 37. Nd5 e2 38. Nxc7 Qxa2 39. Qf2 1-0

[Event "Mittelfranken-chTB2b 0910"]
[Site "Mittelfranken"]
[Date "2009.11.22"]
[Round "3.4"]
[White "Krauss, Hermann"]
[Black "Horneber, Thomas"]
[Result "1-0"]
[WhiteElo "1975"]
[BlackElo "1877"]
[PlyCount "105"]
[EventDate "2009.10.11"]
[EventType "team-tourn"]
[EventRounds "9"]
[EventCountry "GER"]
[SourceTitle "EXT 2011"]
[Source "ChessBase"]
[SourceDate "2010.11.26"]
[SourceVersion "1"]
[SourceVersionDate "2010.11.26"]
[SourceQuality "1"]
[WhiteTeam "Nuernberg NT IV"]
[BlackTeam "Heilsbronn"]
[WhiteTeamCountry "GER"]
[BlackTeamCountry "GER"]

1. d4 e6 2. c4 Bb4+ 3. Bd2 Bxd2+ 4. Qxd2 Nf6 5. Nc3 d5 6. e3 c6 7. Nf3 Nbd7 8. Be2 0-0 9. 0-0 dxc4 10. Bxc4 b5 11. Be2 a6 12. Rac1 Qe7 13. Qc2 Bb7 14. a3 Rfc8 15. Ne4 Nxe4 16. Qxe4 Rab8 17. Ne5 Nxe5 18. Qxe5 f6 19. Qc5 Kf8 20. Bf3 Rc7 21. Qxe7+ Kxe7 22. Rc5 Kd6 23. Rfc1 Rbc8 24. Be4 f5 25. Bf3 Re7 26. Re5 a5 27. a4 Rec7 28. Rec5 Ba6 29. Be2 Rb8 30. Kf1 Rb6 31. axb5 Bxb5 32. Bxb5 Rxb5 33. R1c2 Rxc5 34. Rxc5 Ra7 35. Ke2 a4 36. Kf3 a3 37. bxa3 Rxa3 38. h4 Rb3 39. Ra5 Rb7 40. Kf4 h6 41. g3 g6 42. Ra8 Rg7 43. Rd8+ Rd7 44. Rxd7+ Kxd7 45. Ke5 Ke7 46. f3 g5 47. hxg5 hxg5 48. g4 fxg4 49. fxg4 Kd7 50. Kf6 Kd6 51. e4 e5 52. dxe5+ Kd7 53. Kf7 1-0

[Event "Mittelfranken-chTB1 0809"]
[Site "Mittelfranken"]
[Date "2009.03.22"]
[Round "8.5"]
[White "Krauss, Hermann"]
[Black "Thiele, Heinz"]
[Result "1/2-1/2"]
[WhiteElo "1991"]
[BlackElo "2032"]
[PlyCount "21"]
[EventDate "2008.10.12"]
[EventType "team"]
[EventRounds "9"]
[EventCountry "GER"]
[SourceTitle "EXT 2011"]
[Source "ChessBase"]
[SourceDate "2010.11.26"]
[SourceVersion "1"]
[SourceVersionDate "2010.11.26"]
[SourceQuality "1"]
[WhiteTeam "Nuernberg NT III"]
[BlackTeam "Fuerth SF"]
[WhiteTeamCountry "GER"]
[BlackTeamCountry "GER"]

1. d4 Nf6 2. c4 g6 3. Nc3 Bg7 4. e4 d6 5. Be2 0-0 6. f4 c5 7. d5 e6 8. dxe6 Bxe6 9. Nf3 Nc6 10. 0-0 Re8 11. h3 1/2-1/2

[Event "Mittelfranken-chTB1 0809"]
[Site "Mittelfranken"]
[Date "2009.03.08"]
[Round "7.5"]
[White "Belich, Walter"]
[Black "Krauss, Hermann"]
[Result "0-1"]
[WhiteElo "1973"]
[BlackElo "1991"]
[PlyCount "73"]
[EventDate "2008.10.12"]
[EventType "team"]
[EventRounds "9"]
[EventCountry "GER"]
[SourceTitle "EXT 2011"]
[Source "ChessBase"]
[SourceDate "2010.11.26"]
[SourceVersion "1"]
[SourceVersionDate "2010.11.26"]
[SourceQuality "1"]
[WhiteTeam "Zirndorf II"]
[BlackTeam "Nuernberg NT III"]
[WhiteTeamCountry "GER"]
[BlackTeamCountry "GER"]

1. d4 d5 2. Nf3 Nf6 3. c4 dxc4 4. Nc3 c5 5. Bg5 cxd4 6. Nxd4 a6 7. a4 Nd5 8. Qd2 f6 9. Nxd5 Qxd5 10. Nf3 Qxd2+ 11. Bxd2 e5 12. e4 Be6 13. Bc3 Nc6 14. a5 Nb4 15. Ra4 Nd3+ 16. Bxd3 cxd3 17. Kd2 Bb3 18. Raa1 Bc5 19. Rhf1 Ke7 20. Rac1 Rac8 21. Ne1 Rhd8 22. f4 exf4 23. Rxf4 Bd6 24. Rh4 Ke6 25. Rh3 Bf4+ 26. Re3 g5 27. Nf3 Rc4 28. g3 Bxe3+ 29. Kxe3 h6 30. Nd2 Rxc3 31. Rxc3 Bc2 32. Nf3 f5 33. Nd2 fxe4 34. Nxe4 Re8 35. Kd2 Ke5 36. Nc5 Kf5 37. Nxb7 0-1

[Event "Oberliga Bayern 0809"]
[Site "Bayern"]
[Date "2008.12.14"]
[Round "4.8"]
[White "Gutzeit, Kurt"]
[Black "Krauss, Hermann"]
[Result "1/2-1/2"]
[WhiteElo "1940"]
[BlackElo "1990"]
[PlyCount "40"]
[EventDate "2008.10.05"]
[EventType "team-tourn"]
[EventRounds "9"]
[EventCountry "GER"]
[SourceTitle "EXT 2020"]
[Source "ChessBase"]
[SourceDate "2019.10.17"]
[SourceVersion "1"]
[SourceVersionDate "2019.10.17"]
[SourceQuality "1"]
[WhiteTeam "Burgsinn"]
[BlackTeam "Nuernberg NT"]
[WhiteTeamCountry "GER"]
[BlackTeamCountry "GER"]

1. e4 c5 2. Nf3 e6 3. Nc3 a6 4. a4 Qc7 5. g3 b6 6. Bg2 Bb7 7. 0-0 d6 8. d4 cxd4 9. Nxd4 Nf6 10. Qe2 Be7 11. f4 Nbd7 12. e5 dxe5 13. fxe5 Bc5 14. Bxb7 Qxb7 15. Rd1 Nd5 16. Ne4 0-0 17. Nxc5 bxc5 18. Nf3 c4 19. Rd4 c3 20. b3 Nc5 1/2-1/2

[Event "Mittelfranken-chTB1 0809"]
[Site "Mittelfranken"]
[Date "2008.10.12"]
[Round "1.5"]
[White "Schloetterer, Hermann"]
[Black "Krauss, Hermann"]
[Result "1/2-1/2"]
[WhiteElo "1859"]
[BlackElo "1991"]
[PlyCount "80"]
[EventDate "2008.10.12"]
[EventType "team"]
[EventRounds "9"]
[EventCountry "GER"]
[SourceTitle "EXT 2011"]
[Source "ChessBase"]
[SourceDate "2010.11.26"]
[SourceVersion "1"]
[SourceVersionDate "2010.11.26"]
[SourceQuality "1"]
[WhiteTeam "Nuernberg NT IV"]
[BlackTeam "Nuernberg NT III"]
[WhiteTeamCountry "GER"]
[BlackTeamCountry "GER"]

1. d4 Nf6 2. g3 c5 3. Nf3 cxd4 4. Nxd4 Qa5+ 5. Bd2 Qb6 6. Nb3 Qc6 7. f3 d5 8. Nc3 a6 9. Bg2 b6 10. 0-0 Bb7 11. e4 Nbd7 12. Re1 dxe4 13. fxe4 Ne5 14. Nd5 Nfd7 15. Nd4 Qc5 16. Be3 Qd6 17. Nf5 Qc6 18. Nd4 Qd6 19. Qe2 e6 20. Nc3 Be7 21. Rad1 Qc7 22. Qh5 g6 23. Qe2 0-0 24. Bh3 Rfe8 25. Bf4 Bf6 26. Qf2 Bg7 27. Nf3 Nxf3+ 28. Qxf3 Ne5 29. Qe2 Rad8 30. Bg2 Qc4 31. Qf2 Ng4 32. Qxb6 Bd4+ 33. Rxd4 Qxd4+ 34. Qxd4 Rxd4 35. h3 e5 36. Bg5 h6 37. Bc1 Nf6 38. Bxh6 Nh5 39. Kf2 f5 40. Be3 Rd7 1/2-1/2